000 00728nam a2200205 a 4500
001 000351589
003 AM-YeHGA
005 20250618072210.0
008 040715s1978 ai 000 | arm d
040 _aAM-YeHGA
041 0 _aarm
100 1 _aՀովհաննիսյան, Հրանտ Գրիգորի
245 1 0 _aՓորձությունների միջով /
_cՀ.Գ. Հովհաննիսյան.
260 _aԵրևան :
_bՀայաստան,
_c1978.
300 _a159 էջ :
_bնկ., լուսանկ. ;
_c17 սմ.
504 _aՄատենագիտ. տողատ. ծանոթ.` հայ. և ռուս.
650 1 4 _aՀայոց պատմություն
650 1 4 _aՀայրենական Մեծ պատերազմ
_9887
090 _c135993
999 _c134625
_d134625